| 000 | 01128nam a22003857a 4500 | ||
|---|---|---|---|
| 001 | BR0602663 | ||
| 003 | BR-BrBNA | ||
| 005 | 20230928102205.0 | ||
| 007 | ta | ||
| 008 | 230509b bl.||||| |||| 00| 0 por d | ||
| 020 | _aISBN 85-85014-52-0 | ||
| 040 |
_aBR-BrBNA _bpor _cBiblioteca Nacional de Agricultura |
||
| 041 | _a(Por) | ||
| 072 |
_aH01; F01; H02 _b1740 |
||
| 090 | _ 1740 BR0602663 | ||
| 100 | 1 | _aWordell Filho, J.A. | |
| 100 | 1 | _aRowe, E. | |
| 100 | 1 | _aGonçalves, P.A. de S. | |
| 100 | 1 | _aDebarba, J.F. | |
| 100 | 1 | _aBoff, P. | |
| 100 | 1 | _aThomazelli, L.F. | |
| 110 | 1 | _aEmpresa de Pesquisa Agropecuária e Extensão Rural de Santa Catarina S.A., Florianópolis (Brasil) | |
| 245 | 1 | _aManejo fitossanitário na cultura da cebola | |
| 260 | 3 |
_aFlorianópolis, SC (Brasil): _c2006. |
|
| 300 | _a226 p. | ||
| 500 | _aSeveral bibliography; 71 illus. | ||
| 650 | _aTRATAMENTO FITOSSANITÁRIO | ||
| 650 | _aCEBOLA | ||
| 650 | _aDOENÇA DE PLANTA | ||
| 650 | _aPRAGA DE PLANTA | ||
| 650 | _aPROFILAXIA | ||
| 650 | _aPRODUÇÃO VEGETAL | ||
| 909 |
_a202309 _bLucia _c55 _dLucia Elande |
||
| 942 | _cBK | ||
| 999 |
_c69571 _d69571 |
||